000 00343nam a2200145Ia 4500
008 150201s2010 xx 000 0 und d
082 _a617.96
_bM10E
100 _aERIKSSON, LARS I.
245 _aMILLER,S ANESTHESIA-2
250 _a7TH
260 _bCHURCHILL
_aDELHI
_c2010
300 _a1-3073
650 _aANAESTHESIOLOGY
942 _2ddc
_cBK
999 _c245
_d245